Central Library OPAC University of Rajshahi

The origins of the National Education movement (1905-1910) / (Record no. 50179)

MARC details
000 -LEADER
fixed length control field 00695nam a2200229 a 4500
001 - CONTROL NUMBER
control field 50179
003 - CONTROL NUMBER IDENTIFIER
rucl marc code BD-RjUL
005 - DATE AND TIME OF LATEST TRANSACTION
control field 20211209075453.0
008 - FIXED-LENGTH DATA ELEMENTS--GENERAL INFORMATION
fixed length control field 160824s1957 ii 000 0 eng
035 ## - SYSTEM CONTROL NUMBER
System control number (BD-RjUL)50299
040 ## - CATALOGING SOURCE
Original cataloging agency DLCBD-RjUL
Transcribing agency DLC
Modifying agency BD-RjUL
Language of cataloging eng
041 ## - LANGUAGE CODE
Language code of text/sound track or separate title eng
082 ## - DEWEY DECIMAL CLASSIFICATION NUMBER
Edition number 23
Classification number 370.954
Author mark and year MUO 1957
100 1# - MAIN ENTRY--PERSONAL NAME
Personal name Mukherjee, Haridas
9 (RLIN) 133499
245 04 - TITLE STATEMENT
Title The origins of the National Education movement (1905-1910) /
Statement of responsibility, etc. Haridas Mukherjee ; Mukherjee uma
250 ## - EDITION STATEMENT
Edition statement [1st ed.]
260 ## - PUBLICATION, DISTRIBUTION, ETC. (IMPRINT)
Place of publication, distribution, etc. Calcutta :
Name of publisher, distributor, etc. Jadavpur University,
Date of publication, distribution, etc. [1957]
300 ## - PHYSICAL DESCRIPTION
Pagination xxii, 440 p. ;
Size 21 cm.
500 ## - GENERAL NOTE
General note Includes Index
650 ## - SUBJECT ADDED ENTRY--TOPICAL TERM
Topical term or geographic name as entry element Education
General subdivision History.
Geographic subdivision India
9 (RLIN) 150418
942 ## - ADDED ENTRY ELEMENTS (KOHA)
Source of classification or shelving scheme Dewey Decimal Classification
Koha item type Books
Holdings
Lost status Source of classification or shelving scheme Damaged status Not for loan Collection code Permanent Location Current Location Shelving location Date acquired Source of acquisition Cost, normal purchase price Total Checkouts Full call number Date last seen Copy number Koha item type
  Dewey Decimal Classification     Non-fiction Central Library, University of Rajshahi Central Library, University of Rajshahi   01/12/1961 Rajshahi : Orient Library 31.00   370.954 MUO 1957 24/08/2016 C-2 Books